NLSUI OPAC header image

Law, judges and justice (Record no. 274)

MARC details
000 -LEADER
fixed length control field 00377nam a2200157Ia 4500
008 - FIXED-LENGTH DATA ELEMENTS--GENERAL INFORMATION
fixed length control field 160316s1979 xxu||||| |||| 00| 0 eng d
082 ## - DEWEY DECIMAL CLASSIFICATION NUMBER
Classification number 340.110000
Item number RAI
100 ## - MAIN ENTRY--PERSONAL NAME
Personal name Raina S M N
245 ## - TITLE STATEMENT
Title Law, judges and justice
250 ## - EDITION STATEMENT
Edition statement
260 ## - PUBLICATION, DISTRIBUTION, ETC.
Place of publication, distribution, etc. Indore
Name of publisher, distributor, etc. Vedpal Law House
Date of publication, distribution, etc. 1979
300 ## - PHYSICAL DESCRIPTION
Extent 264p
Other physical details 20 cm
Dimensions xxiv
365 ## - TRADE PRICE
Price amount Rs.77
650 ## - SUBJECT ADDED ENTRY--TOPICAL TERM
Topical term or geographic name entry element 1.Law - Justice
700 ## - ADDED ENTRY--PERSONAL NAME
Personal name
--
Holdings
Withdrawn status Lost status Damaged status Not for loan Home library Current library Shelving location Date acquired Cost, normal purchase price Total Checkouts Full call number Barcode Date last seen Price effective from Koha item type
        . .   30.05.2017 77.00   340.11 RAI 278 14.06.2024 30.05.2017 BOOKs